000 00492nam a22001457a 4500
005 20240807131642.0
008 240807b |||||||| |||| 00| 0 eng d
041 _aeng
082 _bBRA
100 _aBramhane Minal-2K201068 & Dr. Prashant Mamarde-Guide
_9208054
245 _aA Study on the Analysis of Price Movement of Share and Company Performance with Respect of Information Technology and Automobile Industries
260 _aPune
_bSPPU
_cMarch-2022
300 _a50p
942 _cPR
999 _c359277
_d359277